Implementation of bio-based building materials in modern architecture
Gespeichert in:
| 1. Verfasser: | |
|---|---|
| Weitere Verfasser: | |
| Format: | Manuskript Buch |
| Sprache: | Slowakisch Englisch |
| Veröffentlicht: |
2025
|
| Schlagworte: | |
| Online-Zugang: | http://is.stuba.sk/zp/portal_zp.pl?podrobnosti=192389 CRZP |
| Tags: |
Keine Tags, Fügen Sie das erste Tag hinzu!
|
MARC
| LEADER | 00000ntm a22000003a 4500 | ||
|---|---|---|---|
| 001 | stuzp102674 | ||
| 003 | SK-STU | ||
| 005 | 20250725113250.1 | ||
| 007 | ta | ||
| 008 | 150427s2015----xo-----f-mn---000-0-slo-d | ||
| 040 | |a STU |b slo | ||
| 041 | 0 | |a eng | |
| 100 | 1 | |a Kretova, Kateryna |u 010200 |4 aut |U SvF Stavebná fakulta |T SvF Katedra materiálového inžinierstva a fyziky |X 112752 |U V200 |Y 844 |7 112752 | |
| 242 | 0 | 1 | |a Implementácia bio-bázovaných stavebných materiálov v modernej architektúre |y slo |
| 245 | 1 | 0 | |a Implementation of bio-based building materials in modern architecture |
| 260 | |c 2025 | ||
| 650 | 4 | |a Moderná architektúra |2 slo | |
| 650 | 4 | |a Ekologické materiály |2 slo | |
| 650 | 4 | |a Industrializácia |2 slo | |
| 650 | 4 | |a Ecological materials |2 eng | |
| 650 | 4 | |a Industrialization |2 eng | |
| 650 | 4 | |a Modern architecture |2 eng | |
| 700 | 1 | |a Babenko, Maryna |u 010200 |k Z3 |4 ths |U SvF Stavebná fakulta |T SvF Katedra materiálového inžinierstva a fyziky |X 99410 |U V200 |Y 844 |7 99410 | |
| 856 | 4 | |u http://is.stuba.sk/zp/portal_zp.pl?podrobnosti=192389 | |
| 856 | 4 | |u https://opac.crzp.sk/?fn=detailBiblioForm&sid=C9A1C75A261DD259F888441E26A3 |z CRZP | |